000 00649cam a22002293a 4500
001 4611
003 PGUSA
005 20140828083059.0
008 031101s2003||||xxu|||||s|||||000 | eng d
040 _aPGUSA
_beng
042 _adc
050 4 _aBF
100 1 _aBenson, Arthur Christopher,
_d1862-1925
245 1 0 _aWhere No Fear Was :
_bA Book About Fear
_h[electronic resource] /
_cArthur Christopher Benson
260 _bProject Gutenberg,
_c2003
506 _aPublic domain in the USA.
516 _aElectronic text
653 _aFear
830 0 _aProject Gutenberg
_v4611
856 4 0 _uhttp://www.gutenberg.org/ebooks/4611
942 _cEB
999 _c233940
_d233940